Sanat - "Rikki mutta riittävä" - Suvi Teräsniska - Statistics

Yleistilastot
  • Tätä visaa on pelattu 4 kertaa
  • Keskiarvotulos 138 / 235
Vastaustilastot
Vastaus % Oikein
mut
100%
mutta
100%
riittävä
100%
rikki
100%
100%
ei
75%
hauras
75%
hitto
75%
kestävä
75%
75%
75%
oon
75%
silti
75%
voi
75%
aio
50%
äiti
50%
arvaa
50%
en
50%
hengissä
50%
jo
50%
keskellä
50%
kesken
50%
ku
50%
luovuttaa
50%
miten
50%
nään
50%
on
50%
opetti
50%
perheen
50%
saa
50%
sälekaihtimien
50%
selviimään
50%
sentään
50%
taivaan
50%
tänäänkään
50%
tuntuu
50%
ulkopuolelta
50%
unta
50%
välistä
50%
vois
50%
yksinäiseltä
50%
eikö
25%
enkä
25%
et
25%
hiljaa
25%
huomenna
25%
iltaa
25%
istutaan
25%
käden
25%
kansis
25%
katsot
25%
kaunis
25%
kohta
25%
koskea
25%
koti
25%
kuin
25%
kun
25%
lehtien
25%
loppu
25%
mitä
25%
mua
25%
murhaa
25%
näe
25%
nähdään
25%
niin
25%
nousee
25%
ootetaan
25%
päivät
25%
seinille
25%
tää
25%
tahdot
25%
talossa
25%
tehdään
25%
ulottuvilla
25%
uusiks
25%
vaikka
25%
voitais
25%
kierroksia
0%
laukkaa
0%
mun
0%
sillon
0%
sydän
0%
toiset
0%
Ehtoja vastaavia visoja ei löytynyt
Tulosjakauma
Jokaisen tuloksen saaneiden osuus
Persentiili vastausten määrän mukaan
Tuloshistoriasi
Et ole pelannut tätä visaa